49 experimentos sencillos y divertidos / (Registro nro. 37345)
[ vista simple ]
| 000 -CABECERA | |
|---|---|
| Longitud fija campo de control | 01124nam a2200313ua 4500 |
| 003 - • IDENTIFICADOR DELl NÚMERO DE CONTROL | |
| Identificador del número de control | CO-ViMGA |
| 005 - • FECHA Y HORA DE LA ÚLTIMA TRANSACCIÓN | |
| Fecha y hora de la última transacción | 20230915233614.0 |
| 008 - • CÓDIGOS DE INFORMACIÓN DE LONGITUD FIJA | |
| Códigos de información de longitud fija | 120524s2011 ck a jr 00010 spa d |
| 020 ## - • NÚMERO INTERNACIONAL NORMALIZADO PARA LIBROS | |
| Número Internacional Normalizado para Libros (ISBN) | 9789583037573 |
| 040 ## - FUENTE DE LA CATALOGACIÓN | |
| Centro catalogador de origen | CO-ViMGA |
| Lengua de catalogación | spa |
| Centro transcriptor | CO-ViMGA |
| 041 1# - • CÓDIGO DE LENGUA | |
| Código de lengua original | ger |
| 082 04 - • NÚMERO DE LA CLASIFICACIÓN DECIMAL DEWEY | |
| Número de clasificación (R) | I500 K73c |
| Número del ítem | K73c |
| Número de edición | 21 |
| 100 0# - • PUNTO DE ACCESO PRINCIPAL-NOMBRE DE PERSONA | |
| Nombre de persona | Krekeler, Hermann. |
| 245 10 - • TITULO PROPIAMENTE DICHO | |
| Título | 49 experimentos sencillos y divertidos / |
| Mención de responsabilidad, etc. | Hermann Krekeler ; ilustradores Gabriele Pohl, Isabelle Dinter ; traductor Mercedes J. Cardenas. |
| 246 31 - • VARIANTES DE TÍTULO | |
| Título propio / Título en breve | Cuarenta experimentos sencillos y divertidos |
| 250 ## - • MENCIÓN DE EDICIÓN | |
| Mención de edición | Editora Monica Laverde. |
| 300 ## - • DESCRIPCIÓN FÍSICA | |
| Extensión | 114 p. : |
| Otras características físicas | il. ; |
| Dimensiones | 28 cm. |
| 500 ## - • NOTA GENERAL | |
| Nota general | Glosario : p. 113. |
| 534 ## - • Nota De Versión Original | |
| -- | Titulo original : |
| Título | Kosmos experimente for Fortgeschrittene. |
| 650 14 - • PUNTO DE ACCESO ADICIONAL DE MATERIA - TÉRMINO DE MATERIA | |
| Término de materia o nombre geográfico como elemento inicial | Ciencia |
| Subdivisión de materia general | Experimentos. |
| 650 14 - • PUNTO DE ACCESO ADICIONAL DE MATERIA - TÉRMINO DE MATERIA | |
| Término de materia o nombre geográfico como elemento inicial | Experimentacion cientifica. |
| 700 1# - • PUNTO DE ACCESO ADICIONAL - NOMBRE DE PERSONA | |
| Nombre de persona | Cardenas, Mercedes J., |
| Término indicativo de función | tr. |
| 700 1# - • PUNTO DE ACCESO ADICIONAL - NOMBRE DE PERSONA | |
| Nombre de persona | Dinter, Isabelle, |
| Término indicativo de función | il. |
| 700 1# - • PUNTO DE ACCESO ADICIONAL - NOMBRE DE PERSONA | |
| Nombre de persona | Laverde, Monica, |
| Término indicativo de función | ed. |
| 700 1# - • PUNTO DE ACCESO ADICIONAL - NOMBRE DE PERSONA | |
| Nombre de persona | Pohl, Gabriele, |
| Término indicativo de función | il. |
| 942 ## - ENTRADA DE ELEMENTOS AGREGADOS (KOHA) | |
| Fuente de clasificaión o esquema | Dewey Decimal Classification |
| Koha [por defecto] tipo de item | LIbro |
| Perdido | Fuente de clasificación o esquema | Estado Físico | No para préstamo | Forma de adquisición | Localización permanente | Localización actual | Fecha adquisición | Préstamos totales | Signatura completa | Código de barras | Fecha última consulta | Fecha del precio de reemplazo | Tipo de item de Koha |
|---|---|---|---|---|---|---|---|---|---|---|---|---|---|
| Dewey Decimal Classification | Sala General Segundo Piso | Biblioteca Pública Germán Arciniegas - Villavicencio | Biblioteca Pública Germán Arciniegas - Villavicencio | 04/17/2020 | 500 K73c | 33361 | 04/17/2020 | 04/17/2020 | LIbro | ||||
| Dewey Decimal Classification | Sala General Segundo Piso | Biblioteca Pública Germán Arciniegas - Villavicencio | Biblioteca Pública Germán Arciniegas - Villavicencio | 04/17/2020 | 500 K73c | 33362 | 04/17/2020 | 04/17/2020 | LIbro |